00586nam a22001697a 450000500170000001000150001702000260003203500140005803700130007208200080008510000170009324501190011026000480022927000950027730000250037270000190039720220824113153.0 aENG-134620 a9789390631308c275.00 aEN-118152 bDBAD/PUB a600 aM, Ravikanth aNovel Techniques For Records Matching Process and De-Deuplication Using Rough Sets/cRavikanth M and Sampath Korra aHyderabadbParamount Publishing Housec2021 aA-531, H.No. 4-32-521, Phase-1, Allwyn Colony, KukatpallybHyderabadk040-23161070e500072 axi, 114p.c25cm(pbk) aKorra, Sampath